000
00292 a2200133 4500
001
47938
040
_c
Anchieta - Aquarius
100
_a
Caeiro, Alberto
240
1
0
_a
Poemas Inconjuntos
_l
por
245
1
0
_a
Poemas Inconjuntos
300
_a
16
650
4
_a
Literatura brasileira
942
_c
BK
999
_c
47938
_d
47938